Photoshop : teknik kombinasi gambar digital

Bibliographic Details
Main Author: Wang, Kan Chang
Format: Book
Language:English
Published: Taiwan : Kings Information , 2003
Subjects:

MARC

LEADER 00000cam a2200000 7i4500
001 0000019137
005 20091104.0
008 091103s cc a eng
020 |a 9861250956 ,   |c RM36.90 
040 |a INS 
090 0 0 |a T385   |b W36 2003 
100 1 |a Wang, Kan Chang 
245 0 0 |a Photoshop :   |b teknik kombinasi gambar digital   |c Wang Kan Chan 
260 |a Taiwan :   |b Kings Information ,   |c 2003 
300 |a Various pages :   |b ill.col. ;   |c 23cm.   |e 1 cd 
650 0 |a Adobe Photoshop 
650 0 |a Computer graphics 
999 |a 0000021206   |b BOOK   |c Open Shelf   |e Default branch